| 000 | 00000nam 2200000zi 4500 |
| 001 | 9.947114 |
| 003 | CaOODSP |
| 005 | 20250120111250 |
| 006 | m o d f |
| 007 | cr bn||||||||| |
| 008 | 250120e198008##abcboa ob f000 0 eng d |
| 040 | |aCaOODSP|beng|erda|cCaOODSP |
| 043 | |an-cn-ab |
| 086 | 1 |aEn40-248/100E-PDF |
| 100 | 1 |aThompson, M. S, |eauthor. |
| 245 | 10|aBaseline inventory of aquatic macrophyte species distributions in the AOSERP study area / |cby M.S. Thompson, J. Crosby-Diewold for Alberta Oil Sands Environmental Research Program. |
| 264 | 1|aEdmonton, Alberta : |bAlberta Oil Sands Environmental Research Program, |cAugust 1980. |
| 300 | |a1 online resource (xii, 73 pages) : |billustrations, maps, photographs. |
| 336 | |atext|btxt|2rdacontent |
| 337 | |acomputer|bc|2rdamedia |
| 338 | |aonline resource|bcr|2rdacarrier |
| 490 | 1 |aAOSERP report ; |v100 |
| 500 | |aDigitized edition from print [produced by Environment and Climate Change Canada]. |
| 500 | |aSponsored jointly by Alberta Environment and Environment Canada. |
| 500 | |a"Project LS 10.2." |
| 504 | |aIncludes bibliographical references (pages 51-67). |
| 650 | 0|aAquatic plants|zAlberta|zAthabasca Tar Sands|xGeographical distribution. |
| 650 | 0|aEnvironmental monitoring|zAlberta|zAthabasca Tar Sands. |
| 650 | 0|aFreshwater biology|zAlberta|zAthabasca Tar Sands. |
| 650 | 6|aPlantes aquatiques|zAlberta|zSables bitumineux de l'Athabasca|xDistribution géographique. |
| 650 | 6|aEnvironnement|xSurveillance|zAlberta|zSables bitumineux de l'Athabasca. |
| 650 | 6|aBiologie d'eau douce|zAlberta|zSables bitumineux de l'Athabasca. |
| 651 | 0|aAthabasca Tar Sands (Alta.) |
| 651 | 6|aSables bitumineux de l'Athabasca (Alb.) |
| 710 | 2 |aAlberta Oil Sands Environmental Research Program, |eissuing body. |
| 710 | 1 |aAlberta. |bAlberta Environment, |eissuing body. |
| 710 | 1 |aCanada. |bEnvironment Canada, |eissuing body. |
| 830 | #0|aAOSERP report ;|v100.|w(CaOODSP)9.938755 |
| 856 | 40|qPDF|s3884 KB|uhttps://publications.gc.ca/collections/collection_2025/eccc/en40/En40-248-100-eng.pdf |